书目信息 |
| 题名: |
中国青年运动历史资料
|
|
| 作者: | ;中国新民主主义青年团中央委员会办公厅 编 | |
| 分册: | 10 | |
| 出版信息: | 北京 中国新民主主义青年团中央委员会办公厅 1957 |
|
| 页数: | 729页 | |
| 开本: | 21cm | |
| 丛书名: | ||
| 单 册: | ||
| 中图分类: | D432.9 | |
| 科图分类: | ||
| 主题词: | 青年组织 , 学生运动 , 青年运动 , 学生组织 | |
| 电子资源: | ||
| ISBN: | ||
| 000 | 00893nam0 2200241 450 | |
| 001 | 0636467077 | |
| 005 | 20060812090242.89 | |
| 010 | @dCNY2.50 | |
| 100 | @a20060720d1957 km y0chiy0120 ea | |
| 101 | 0 | @achi |
| 102 | @aCN@b110000 | |
| 200 | 1 | @a中国青年运动历史资料@Azhong guo qing nian yun dong li shi zi liao@h10@e1932(1月-5月)@f中国新民主主义青年团中央委员会办公厅编@Fzhong guo xin min zhu zhu yi qing nian tuan zhong yang wei yuan hui ban gong ting bian |
| 210 | @a北京@c中国新民主主义青年团中央委员会办公厅@d1957 | |
| 215 | @a729页@d21cm | |
| 517 | 1 | @a1932(1月-5月) |
| 606 | 0 | @a青年组织 |
| 606 | 0 | @a学生运动 |
| 606 | 0 | @a青年运动 |
| 606 | 0 | @a学生组织 |
| 690 | @aD432.9@v3 | |
| 711 | 0 | @a中国新民主主义青年团中央委员会办公厅@Azhong guo xin min zhu zhu yi qing nian tuan zhong yang wei yuan hui ban gong ting@4编 |
| 801 | 0 | @aCN@bPFT@c20060812 |
| 905 | @a10447@dD432.9@e158:10 | |
| 中国青年运动历史资料.10:1932(1月-5月)/中国新民主主义青年团中央委员会办公厅编.-北京:中国新民主主义青年团中央委员会办公厅,1957 |
| 729页;21cm |
| ISBN :CNY2.50 |
| ● |
| 相关链接 |
|
|
|
|
正题名:中国青年运动历史资料
索取号:D432.9/158:10
 
预约/预借
| 序号 | 登录号 | 条形码 | 馆藏地/架位号 | 状态 | 备注 |
| 1 | 0448916 | 204489160 | 密集书库/ [索取号:D432.9/158:10] | 在馆 | |
| 2 | 0448917 | 204489179 | 密集书库/ [索取号:D432.9/158:10] | 在馆 | |
| 3 | 0448925 | 204489259 | 密集书库/ [索取号:D432.9/158:10] | 在馆 | |
| 4 | 0448926 | 204489268 | 密集书库/ [索取号:D432.9/158:10] | 在馆 |